000 00991nam a2200325 b 4500
001 0095
003 DO-SdBNP
005 20241022123647.0
007 0095
008 050307s2005 sp | ||| ||spa
017 _a
_b
020 _a8403095848
035 _a
040 _aBPMSU
_bspa
_cBPMSU
_e
082 4 _a158.1
_bL949p 2005
_222
100 1 _aLuft, Lya
_d1938-2021
245 1 0 _aPérdidas y ganancias /
_cLya Luft ; traducción de Mario Merlino
_h
246 1 4 _aPérdidas y ganancias :
_bla vida no teje sólo una tela de pérdidas, sino que nos proporciona también una sucesión de ganancias
250 _a
260 _aMadrid :
_bAguilar,
_c2005
300 _a181 p.;
_c24 cm
590 _aInventariado, 2024/VM
648 _x
650 4 _aMujeres
_xConducta
650 4 _aAutorrealización (Psicología)
650 4 _aMujeres
_xPsicología
700 _aMerlino, Mario
_etraductor
910 _aVMateo V. Control de calidad. BPMSU
942 _2ddc
_cBK
999 _c11306
_d11306